Study guide for foundations of maternal-newborn and women's health nursing / (Record no. 87168)

MARC details
000 -LEADER
fixed length control field 04626nam a22003737a 4500
003 - CONTROL NUMBER IDENTIFIER
control field URS
005 - DATE AND TIME OF LATEST TRANSACTION
control field 20251007151052.0
008 - FIXED-LENGTH DATA ELEMENTS--GENERAL INFORMATION
fixed length control field 251007b |||||||| |||| 00| 0 eng d
020 ## - INTERNATIONAL STANDARD BOOK NUMBER
International Standard Book Number 978-0-323-82739-3
040 ## - CATALOGING SOURCE
Transcribing agency URS
Language of cataloging english
Description conventions rda
050 00 - LIBRARY OF CONGRESS CALL NUMBER
Classification number RG951
Item number .St94 2024
245 10 - TITLE STATEMENT
Title Study guide for foundations of maternal-newborn and women's health nursing /
Statement of responsibility, etc Sharon Murray...[and four others].
250 ## - EDITION STATEMENT
Edition statement Eight edition.
264 ## - PUBLICATION, DISTRIBUTION, ETC. (IMPRINT)
Place of publication, distribution, etc Singapore :
Name of publisher, distributor, etc Elsevier,
Date of publication, distribution, etc ©2024.
300 ## - PHYSICAL DESCRIPTION
Extent v, 235 pages :
Other physical details illustrations ;
Dimensions 27 cm.
336 ## - CONTENT TYPE
Source rdacontent
Content type term text
Content type code txt
337 ## - MEDIA TYPE
Source rdamedia
Media type term unmediated
Media type code n
338 ## - CARRIER TYPE
Source rdacarrier
Carrier type term volume
Carrier type code nc
505 0# - FORMATTED CONTENTS NOTE
Formatted contents note A framework for maternal & child health nursing -- Sociocultural aspects of maternal and child health nursing -- The childbearing and childrearing family -- The childbearing & childrearing family in the community -- The nursing role in reproductive and sexual health -- Assisting the family with reproductive life planning -- The nursing role in genetic assessment and counseling -- Nursing care of the subfertile couple -- The growing fetus -- Psychological and physiologic changes of pregnancy -- Assessing fetal and maternal health : prenatal care -- Promoting fetal and maternal health -- Promoting nutritional health during pregnancy -- Preparing a family for childbirth and parenting -- Nursing care of a family during labor and birth -- Providing comfort during labor and birth -- Nursing care of a postpartal family -- Nursing care of a family with a newborn -- Nutritional needs of a newborn -- Nursing care of a family experiencing a pregnancy complication from a preexisting or newly acquired illness -- Nursing care of a family experiencing a sudden pregnancy complication -- Nursing care of a pregnant family with special needs -- Nursing care of a family experiencing a complication of labor or birth -- Nursing care of a family during cesarean birth -- Nursing care of a family experiencing a postpartal complication -- Nursing care of a family with high-risk newborn -- Nursing care of the child born with a physical or developmental challenge -- Principles of growth and development -- Nursing care of a family with on infant -- Nursing care of a family with a toddler --
505 0# - FORMATTED CONTENTS NOTE
Formatted contents note Nursing care of a family with a preschool child -- Nursing care of a family with a school-age child -- Nursing care of a family with an adolescent -- Child health assessment -- Communication and teaching with children and families -- Nursing care of a family with an ill child -- Nursing care of a family when a child needs diagnostic or therapeutic modalities -- Nursing care of a family when a child needs medication administration or intravenous therapy -- Pain management in children -- Nursing care of a family when a child has a respiratory disorder -- Nursing care of a family when a child has a cardiovascular disorder -- Nursing care of a family when a child has an immune disorder -- Nursing care of a family when child has an infectious disorder -- Nursing care of a family when a child has a hematologic disorder -- Nursing care of a family when a child has a gastrointestinal disorder -- Nursing care of a family when a child has a renal or urinary tract disorder -- Nursing care of a family when a child has a reproductive disorder -- Nursing care of a family when a child has an endocrine or metabolic disorder -- Nursing care of a family when a child has a neurologic disorder -- Nursing care of a family when a child has a vision or hearing disorder -- Nursing care of a family when a child has a musculoskeletal disorder -- Nursing care of a family when a child has an unintentional injury -- Nursing care of a family when a child has a malignancy -- Nursing care of a family when a child has a cognitive or mental health disorder -- Nurisng care of a family in crisis: abuse and violence in the family -- Nursing care of a family when a a child has a long-term or terminal illness.
650 #0 - SUBJECT ADDED ENTRY--TOPICAL TERM
Topical term or geographic name as entry element Maternity nursing.
650 #0 - SUBJECT ADDED ENTRY--TOPICAL TERM
Topical term or geographic name as entry element Pediatric nursing.
650 #0 - SUBJECT ADDED ENTRY--TOPICAL TERM
Topical term or geographic name as entry element Women
Form subdivision Health and hygiene
General subdivision Textbooks.
9 (RLIN) 6500
650 #0 - SUBJECT ADDED ENTRY--TOPICAL TERM
Topical term or geographic name as entry element Maternity nursing.
9 (RLIN) 4282
655 #0 - INDEX TERM--GENRE/FORM
Genre/form data or focus term CD-ROMs.
700 ## - ADDED ENTRY--PERSONAL NAME
Personal name Murray, Sharon,
Relator term author.
9 (RLIN) 6478
700 ## - ADDED ENTRY--PERSONAL NAME
Personal name McKinney, Emily,
Relator term author.
9 (RLIN) 6479
700 ## - ADDED ENTRY--PERSONAL NAME
Personal name Holub, Karen S.,
Relator term author.
9 (RLIN) 6480
700 ## - ADDED ENTRY--PERSONAL NAME
Personal name Jones, Renee,
Relator term author.
9 (RLIN) 6481
700 ## - ADDED ENTRY--PERSONAL NAME
Personal name Scheffer, Kristin L.,
Relator term author.
9 (RLIN) 6482
856 42 - ELECTRONIC LOCATION AND ACCESS
Materials specified Publisher description
Uniform Resource Identifier <a href="http://www.loc.gov/catdir/enhancements/fy1010/2008052578-d.html">http://www.loc.gov/catdir/enhancements/fy1010/2008052578-d.html</a>
856 41 - ELECTRONIC LOCATION AND ACCESS
Materials specified Table of contents only
Uniform Resource Identifier <a href="http://www.loc.gov/catdir/enhancements/fy1012/2008052578-t.html">http://www.loc.gov/catdir/enhancements/fy1012/2008052578-t.html</a>
942 ## - ADDED ENTRY ELEMENTS (KOHA)
Source of classification or shelving scheme Library of Congress Classification
Koha item type Reserved Books
Holdings
Withdrawn status Lost status Source of classification or shelving scheme Damaged status Not for loan Collection code Home library Current library Shelving location Date acquired Source of acquisition Total Checkouts Full call number Barcode Date last seen Copy number Koha item type
    Library of Congress Classification     Non-fiction Taytay College Library Taytay College Library Nursing Collection 08/12/2025 Purchased   RG951 .St94 2024 URSTAY-5759 10/07/2025 1 Reserved Books

University of Rizal System
Email us at univlibservices@urs.edu.ph

Visit our Website www.urs.edu.ph/library